[Event "Oberwart op"]
[Site "Oberwart"]
[Date "1991.??.??"]
[Round "?"]
[White "Baburin, Alexander"]
[Black "Robovic, Saudin"]
[Result "1-0"]
[WhiteElo "2480"]
[BlackElo "2365"]

1.d4 Nf6 2.c4 g6 3.Nf3 Bg7 4.g3 O-O 5.Bg2 d6 6.O-O Nbd7 7.Qc2 e5 8.Rd1 Re8
9.e4 c6 10.Nc3 Qe7 11.b3 a5 12.dxe5 dxe5 13.h3 Nc5 14.Ba3 b6 15.Na4 Rb8 16.Nxc5 bxc5
17.Ne1 Be6 18.Nd3 Nd7 19.Qd2 Ra8 20.Nb2 Bf8 21.Na4 Ra7 22.Qe3 f6 23.Rd2 Rc8
24.Rad1 Rcc7 25.Kh2 h5 26.h4 Kh7 27.Qe2 Bg4 28.f3 Be6 29.Bh3 Bxh3 30.Kxh3 Kg8
31.Kg2 Kh7 32.Rd3 Kg8 33.Qf2 Kh7 34.Kf1 Kg7 35.Ke2 Kh7 36.g4 hxg4 37.fxg4 Qe6
38.Qf3 Be7 39.Bc1 Qf7 40.h5 Nf8 41.hxg6+ Qxg6 42.Qf5 Kg7 43.Be3 Qxf5 44.gxf5 Nd7
45.Bf2 Kf7 46.Rh1 Bf8 47.Rg3  1-0

[Event "Scandic Cup"]
[Site "Odense"]
[Date "1991.??.??"]
[Round "6"]
[White "Jasnikowski, Zbigniew"]
[Black "Schandorff, Lars"]
[Result "1/2-1/2"]
[WhiteElo "2435"]
[BlackElo "2425"]

1.d4 Nf6 2.c4 g6 3.Nf3 Bg7 4.g3 O-O 5.Bg2 d6 6.Nc3 Nbd7 7.O-O e5 8.h3 c6
9.e4 Qb6 10.Re1 Re8 11.d5 Nc5 12.b3 a5 13.Be3 Qc7 14.Nh2 Kh8 15.Qd2 cxd5
16.cxd5 Bd7 17.Rac1 b5 18.Ng4 Ng8 19.f4 f6 20.Nf2 Rec8 21.Nd3 Nxd3 22.Qxd3 Qb7
23.a4 bxa4 24.Nxa4 Bb5 25.Qd2 Rxc1 26.Rxc1 Bxa4 27.bxa4 Qb3 28.Qc3 Qxa4 29.Ra1 Qb5  1/2-1/2

[Event "Oslo Cup"]
[Site "Oslo"]
[Date "1991.??.??"]
[Round "3"]
[White "Groenn, Atle"]
[Black "Jansa, Vlastimil"]
[Result "1/2-1/2"]
[WhiteElo "2365"]
[BlackElo "2495"]

1.Nf3 g6 2.d4 Bg7 3.g3 Nf6 4.c4 O-O 5.Bg2 d6 6.O-O c6 7.Nc3 Bf5 8.Ne1 Qd7
9.e4 Bh3 10.Nd3 Bxg2 11.Kxg2 Na6 12.f3 c5 13.d5 Nc7 14.a4 b6 15.Qc2 e6 16.Be3 exd5
17.cxd5 Rfe8 18.Rfe1 Rac8 19.Qd2 h5 20.h3 Nh7 21.g4 h4 22.Bf2 Bf6 23.f4 Bd4
24.Bxh4 f5 25.exf5 gxf5 26.g5 Qf7 27.Kh2 Nf8 28.Bf2 Bxc3 29.bxc3 Qxd5 30.Qa2 Nfe6
31.Qxd5 Nxd5 32.c4 Ndxf4 33.Nxf4 Nxf4 34.Bg3 Nd3 35.Rxe8+ Rxe8 36.Bxd6 Kf7
37.h4 Kg6 38.a5 Nb2 39.axb6 axb6 40.Bc7 Nxc4 41.Ra6 Re2+ 42.Kg3 Re3+ 43.Kf2 Re4
44.Kg3 Rg4+ 45.Kh3 Rd4 46.Ra8 Rd3+ 47.Kh2 Rd7 48.Bg3 Rd2+ 49.Kh3 Rd3 50.Rf8 Nd2
51.Kg2 Ne4 52.Bf4 b5 53.Rb8 b4 54.Rb6+ Kh5 55.g6 Kg4 56.g7 Rd8 57.h5 Kxf4
58.h6 Rd2+ 59.Kg1 Rd1+ 60.Kg2 Rd2+  1/2-1/2

[Event "Oslo Cup"]
[Site "Oslo"]
[Date "1991.??.??"]
[Round "5"]
[White "Groenn, Atle"]
[Black "Djurhuus, Rune"]
[Result "0-1"]
[WhiteElo "2365"]
[BlackElo "2400"]

1.Nf3 Nf6 2.d4 g6 3.c4 Bg7 4.g3 O-O 5.Bg2 d6 6.O-O c5 7.Nc3 Nc6 8.d5 Na5
9.Nd2 e5 10.b3 Ng4 11.e4 f5 12.exf5 gxf5 13.h3 Nh6 14.Bb2 Kh8 15.Qc2 Qg5
16.Nf3 Qh5 17.Nh2 Qg6 18.Ne2 Bd7 19.f4 Bf6 20.Nf3 Qg7 21.Rae1 b6 22.Bc3 Nb7
23.Qb2 Rae8 24.Nd2 Re7 25.Rf3 Ng8 26.Re3 Rfe8 27.Nc1 exf4 28.Bxf6 Nxf6 29.Rxe7 Rxe7
30.Rxe7 Qxe7 31.gxf4 Qe3+ 32.Kh1 Kg7 33.Nf3 Qxf4 34.Ne2 Qe3 35.Ng3 Kf7 36.Qc2 Ne4
37.Nxe4 fxe4 38.Nd2 Qd3 39.Bxe4 Qxh3+ 40.Kg1 Qg3+ 41.Kf1 Bh3+ 42.Ke2 Bg4+
43.Kf1 h5 44.Bg2 Qf4+ 45.Kg1 Bf5 46.Qc3 h4 47.Nf1 Nd8 48.Qh8 Qg5 49.Kf2 Qf6
50.Qh5+ Bg6+ 51.Qf3 Bh5 52.Qxf6+ Kxf6 53.Bh3 Nf7 54.Ne3 Nh6 55.Ng2 Kg5 56.Ke3 Ng4+
57.Kf3 Ne5+ 58.Ke3 Ng6 59.Ke4 a5 60.Bc8 Ne7 61.Bh3 Bg6+ 62.Ke3 Bb1  0-1

[Event "Palma de Mallorca op"]
[Site "Palma de Mallorca"]
[Date "1991.??.??"]
[Round "?"]
[White "Verat, Laurent"]
[Black "Reyes, Juan"]
[Result "0-1"]
[WhiteElo "2290"]
[BlackElo "2415"]

1.d4 Nf6 2.c4 g6 3.Nf3 Bg7 4.g3 O-O 5.Bg2 d6 6.Nc3 Nbd7 7.O-O c6 8.h3 e5
9.e4 a5 10.Be3 a4 11.b4 axb3 12.axb3 Rxa1 13.Qxa1 exd4 14.Nxd4 Re8 15.Qb1 Qe7
16.Re1 Nc5 17.f3 Nfd7 18.Kh2 Ne5 19.Rd1 f5 20.Bf2 fxe4 21.Nxe4 Nxe4 22.Qxe4 Qf7
23.Qc2 g5 24.Kh1 Bd7 25.Qc1 h6 26.f4 Ng6 27.Be3 gxf4 28.Bxf4 Nxf4 29.Qxf4 Qxf4
30.gxf4 Re3 31.Nf3 Bf8 32.b4 Be6 33.Rd4 Rc3 34.Nd2 Bxh3 35.Ne4 Bxg2+ 36.Kxg2 Rb3
37.c5 d5 38.Nf6+ Kf7 39.Nd7 Bg7 40.Ne5+ Bxe5 41.fxe5 Ke6  0-1

[Event "Paris-ch"]
[Site "Paris"]
[Date "1991.??.??"]
[Round "4"]
[White "Bouland, Stephane"]
[Black "Gollain, Marc"]
[Result "1-0"]
[WhiteElo "2250"]
[BlackElo "2210"]

1.d4 Nf6 2.Nf3 g6 3.c4 Bg7 4.g3 O-O 5.Bg2 d6 6.O-O Nbd7 7.Nc3 e5 8.h3 c6
9.e4 a5 10.Be3 a4 11.dxe5 dxe5 12.Qc2 Qa5 13.Rab1 Qb4 14.c5 Re8 15.Nd2 Nxc5
16.a3 Qa5 17.Nc4 Qa7 18.Nd6 Rd8 19.Nd5 cxd5 20.Bxc5 b6 21.Nb5 Qb8 22.Be7 Rd7
23.Bxf6 Bxf6 24.exd5 Ra5 25.Nc3 Qa8 26.Rbc1 Bb7 27.Qe4 Raxd5 28.Nxd5 Bxd5
29.Qg4 Bxg2 30.Qxd7 Qf3 31.Rc3 Qb7 32.Qxb7 Bxb7 33.Rc7 Bd5 34.Rd1 Bb3 35.Rd6 Bg5
36.Rxb6 e4 37.h4 Bd2 38.Rxb3 axb3 39.Rb7 e3 40.fxe3 Bxe3+ 41.Kg2  1-0

[Event "Paris-ch"]
[Site "Paris"]
[Date "1991.??.??"]
[Round "8"]
[White "San Marco, Bruno"]
[Black "Yedidia, Jonathan"]
[Result "0-1"]
[WhiteElo "2265"]
[BlackElo "2260"]

1.d4 Nf6 2.Nf3 g6 3.c4 Bg7 4.g3 O-O 5.Bg2 d6 6.O-O Nbd7 7.Nc3 e5 8.e4 c6
9.h3 Qb6 10.c5 dxc5 11.dxe5 Ne8 12.Qc2 Qa6 13.Be3 Nc7 14.Rfd1 b6 15.a3 Ne6
16.b4 Nxe5 17.Nxe5 Bxe5 18.Bf1 Qb7 19.bxc5 Nxc5 20.Bg2 Qe7 21.Rab1 Ba6 22.Na2 Rfd8
23.f4 Bg7 24.Nb4 Bb5 25.e5 Rxd1+ 26.Qxd1 Rc8 27.Kh2 Na6 28.a4 Nxb4 29.axb5 Rd8
30.Qa4 c5 31.Rd1 Rc8 32.Ra1 Bf8 33.Bd2 Rc7 34.Bc3 Qe6 35.Qd1 Rd7 36.Qe2 Qb3
37.e6 Qxe6  0-1

[Event "Philadelphia World op"]
[Site "Philadelphia"]
[Date "1991.??.??"]
[Round "6"]
[White "Shneider, Aleksandr"]
[Black "Gulko, Boris F"]
[Result "0-1"]
[WhiteElo "2540"]
[BlackElo "2565"]

1.d4 Nf6 2.c4 g6 3.Nf3 Bg7 4.g3 O-O 5.Bg2 d6 6.O-O Nc6 7.d5 Na5 8.Nfd2 c6
9.Nc3 cxd5 10.cxd5 Bd7 11.b4 Qc7 12.bxa5 Qxc3 13.Nb3 Rfc8 14.Be3 Bb5 15.Re1 Nd7
16.Bh3 Rc4 17.Rc1 Qb4  0-1

[Event "Porz op26"]
[Site "Porz"]
[Date "1991.??.??"]
[Round "3"]
[White "Dautov, Rustem"]
[Black "Niesel, Matthias"]
[Result "1-0"]
[WhiteElo "2595"]
[BlackElo "2285"]

1.d4 Nf6 2.c4 g6 3.Nf3 Bg7 4.g3 O-O 5.Bg2 d6 6.O-O Nbd7 7.Nc3 e5 8.e4 h6
9.Qc2 Nh7 10.d5 a5 11.Be3 Nc5 12.Qd2 h5 13.Ng5 f6 14.Nxh7 Kxh7 15.f4 f5 16.fxe5 Bxe5
17.Bd4 Bxd4+ 18.Qxd4 Qf6 19.Qxf6 Rxf6 20.Nb5 Rf7 21.exf5 Bxf5 22.Bh3 Raf8
23.Bxf5 gxf5 24.Rf3 Nd7 25.Nd4 Ne5 26.Rf4 Nd3 27.Rh4 Kh6 28.b3 Ne5 29.Rf1 Kg6
30.h3 Rh8 31.Ne6 b6 32.Kg2 Rhh7 33.Kf2 Kh6 34.Ke3 Ng6 35.Rd4 Rh8 36.g4 f4+
37.Nxf4 Re8+ 38.Re4 Rxe4+ 39.Kxe4 hxg4 40.hxg4 Nxf4 41.Rxf4 Re7+ 42.Kf3 Re1
43.Re4 Rb1 44.Re7 a4 45.bxa4 Rb4 46.Rxc7 Rxa4 47.Kf4 Rxa2 48.Kf5  1-0

[Event "Bohemians (Women)"]
[Site "Prague"]
[Date "1991.??.??"]
[Round "5"]
[White "Van Parreren, Hanneke"]
[Black "Mozna Hojdarova, Eva"]
[Result "1/2-1/2"]
[WhiteElo "2130"]
[BlackElo "2105"]

1.d4 Nf6 2.c4 d6 3.Nf3 g6 4.g3 Bg7 5.Bg2 O-O 6.O-O c6 7.Nc3 Nbd7 8.e4 e5
9.h3 Re8 10.Re1 exd4 11.Nxd4 Nc5 12.Rb1 a5 13.Bf4 Nh5 14.Be3 Nf6 15.Qc2 Qe7
16.f3 Be6 17.b3 Rad8 18.Bf2 Bc8 19.Rbd1 Nfd7 20.a3 Ne6 21.Nde2 Ndc5 22.f4 Qc7
23.Be3 f5 24.exf5 gxf5 25.Bf2 Qf7 26.b4 axb4 27.axb4 Na6 28.b5 cxb5 29.Nxb5 Bf8
30.Bd5 Nb4 31.Qd2 Nxd5 32.Qxd5 Nc5 33.Qxf7+ Kxf7 34.Nc7 Re7 35.Bxc5 Rxc7
36.Bb6 Rcd7 37.Bxd8 Rxd8 38.Nc3 Be6 39.Nd5 Rc8 40.Rc1 Bg7 41.Rb1 Bd4+ 42.Kf1 Rb8
43.Rb5 b6 44.Ke2 Bc5 45.Kf3 h5 46.Ra1 Rb7 47.Ra8 Kg7 48.Re8 Kf7 49.Rh8 Kg6
50.Rb1 Bd4 51.Ra8 b5 52.Rd1 Bc5 53.cxb5 Rxb5 54.Re8 Rb3+ 55.Ke2 Rb2+ 56.Kf3 Rb3+
57.Ke2 Rb2+ 58.Kf1 Bd7 59.Re2 Bb5 60.Nc3 Bxe2+ 61.Nxe2  1/2-1/2

[Event "Randers"]
[Site "Randers"]
[Date "1991.??.??"]
[Round "6"]
[White "Knudsen, Per"]
[Black "Holst, Allan"]
[Result "1/2-1/2"]
[WhiteElo "2305"]
[BlackElo "2300"]

1.Nf3 d6 2.d4 Nf6 3.g3 g6 4.Bg2 Bg7 5.c4 O-O 6.Nc3 Nbd7 7.O-O e5 8.e4 exd4
9.Nxd4 Re8 10.f3 c6 11.Re1 d5 12.cxd5 cxd5 13.exd5 Rxe1+ 14.Qxe1 Nb6 15.Be3 Nfxd5
16.Bf2 Nxc3 17.Qxc3 Bd7 18.Rd1 Na4 19.Qd2 Be8 20.b3 Nb6 21.f4 Qe7  1/2-1/2

[Event "Reggio Emilia91 Top15"]
[Site "Reggio Emilia"]
[Date "1991.??.??"]
[Round "?"]
[White "Vaganian, Rafael A"]
[Black "Romanishin, Oleg M"]
[Result "1/2-1/2"]
[WhiteElo "2585"]
[BlackElo "2610"]

1.d4 Nf6 2.c4 g6 3.Nf3 Bg7 4.g3 O-O 5.Bg2 d6 6.Nc3 c6 7.O-O Bf5 8.Re1 Ne4
9.Qb3 Nxc3 10.bxc3 Qc7 11.e4 Bg4 12.Rb1 Bxf3 13.Bxf3 b6 14.Bg2 e5 15.c5 dxc5
16.dxc5 Nd7  1/2-1/2

[Event "San Sebastian op"]
[Site "San Sebastian"]
[Date "1991.??.??"]
[Round "3"]
[White "Zaichik, Gennadi"]
[Black "Roa Alonso, Santiago"]
[Result "1-0"]
[WhiteElo "2455"]
[BlackElo "2255"]

1.d4 Nf6 2.c4 g6 3.g3 Bg7 4.Bg2 O-O 5.Nf3 d6 6.O-O Nbd7 7.Nc3 e5 8.e4 c6
9.h3 exd4 10.Nxd4 Re8 11.Re1 Nc5 12.Rb1 a5 13.Bf4 Nh5 14.Be3 Qe7 15.Qc2 Qf8
16.Rbd1 Ne6 17.Na4 Nxd4 18.Bxd4 Be5 19.Nb6 Rb8 20.Qc3 Qg7 21.Re3 Be6 22.Red3 Bxd4
23.Rxd4 Qe5 24.Rxd6 Qxc3 25.bxc3 Kf8 26.a3 Ke7 27.c5 Red8 28.R6d4 Nf6 29.f4 h5
30.Kf2 Nd7 31.Nxd7 Rxd7 32.Ke3 f6 33.Rb1 h4 34.gxh4 Rc7 35.h5 gxh5 36.f5 Bd7
37.Bf3 Rg8 38.Kf4 h4 39.Bg4 Bc8 40.Re1 Re8 41.Rd6  1-0

[Event "Sao Paulo op"]
[Site "Sao Paulo"]
[Date "1991.??.??"]
[Round "3"]
[White "Carvalho, Herbert Abreu"]
[Black "Sorin, Ariel"]
[Result "0-1"]
[WhiteElo "2225"]
[BlackElo "2405"]

1.d4 Nf6 2.Nf3 g6 3.c4 Bg7 4.g3 O-O 5.Bg2 d6 6.Nc3 c5 7.O-O Nc6 8.dxc5 dxc5
9.Be3 Be6 10.h3 Bxc4 11.Qa4 Ba6 12.Bxc5 Nd5 13.Rfd1 Nxc3 14.bxc3 Qc7 15.Nd4 Ne5
16.Qb4 Rfc8 17.Bxe7 Qxc3 18.Rab1 Qxb4 19.Rxb4 Rc7 20.Bg5 h6 21.Bf4 g5 22.Bxe5 Bxe5
23.Nb5 Rc2 24.Rd5 Rxe2 25.Bf3 Re1+ 26.Kg2 Rc8 27.a4 Rc2 28.Be4 Rb2 29.Rxb2 Bxb2
30.Kf3 Ra1 31.Bc2 Rc1 32.Bb3 Kg7 33.Ke3 Rc6 34.Rd7 Bxb5 35.axb5 Rc3+ 36.Rd3 Rc7
37.Kf3 Rc5 38.Ba4 Rc4 39.Bd1 Bd4 40.Be2 Rb4 41.Rd2 Kf6 42.Rc2 Bb6 43.Rc8 Rb3+
44.Kg2 Rb2 45.Kf3 h5 46.g4 h4 47.Rb8 Rb4 48.Kg2 Re4 49.Kf1 Rf4 50.f3 Rb4
51.Rxb7 Ke6 52.Bd3 f6 53.Ke2 Rb2+ 54.Kd1 Ke5 55.Re7+ Kf4 56.Re6 Kg3 57.Rxf6 Be3
58.Re6 Kf2 59.Bc2 Rxb5 60.Ba4 Rb2 61.Bc2 a5 62.Re4 Bf4 63.Ra4 Rb5 64.Be4 Rc5
65.Ra2+ Kg3 66.Ke2 Kxh3 67.Kf2 Bg3+ 68.Ke2 Be5 69.Kf1 Kg3 70.Rg2+ Kf4 71.Re2 h3
72.Kg1 Kg3 73.Re1 a4 74.Rf1 a3 75.f4 Bd4+ 76.Kh1 a2  0-1

[Event "UKR-chT"]
[Site "Simferopol"]
[Date "1991.??.??"]
[Round "?"]
[White "Huzman, Alexander"]
[Black "Gurevich, Vladimir"]
[Result "1/2-1/2"]
[WhiteElo "2475"]
[BlackElo "2435"]

1.d4 Nf6 2.c4 g6 3.Nf3 Bg7 4.g3 O-O 5.Bg2 d6 6.O-O Nbd7 7.Nc3 e5 8.e4 exd4
9.Nxd4 Re8 10.h3 Nc5 11.Re1 Bd7 12.Rb1 h6 13.b3 a5 14.Ndb5 Bxb5 15.cxb5 d5
16.exd5 Rxe1+ 17.Qxe1 Nd3 18.Qe2 Nxc1 19.Rxc1 Qd6 20.Nd1 Re8 21.Ne3 h5 22.Qc2 Re7
23.Nc4 Qc5 24.b6 cxb6 25.d6 Rd7 26.Qd2 Ne8 27.Rd1 Nxd6 28.Qd5 Qxd5 29.Rxd5 Bf8
30.Nxb6 Rc7 31.Rxa5 Rc1+ 32.Kh2 Rc2 33.Kg1 Nf5 34.Nc4 b6 35.Ra8 Rc1+ 36.Kh2 Rc2
37.Kg1 Rc1+ 38.Bf1 Kg7 39.Kg2 Bc5 40.Bd3 b5 41.Ne5 Nd6 42.Ra5 Ne8 43.Bxb5  1/2-1/2

[Event "UKR-chT"]
[Site "Simferopol"]
[Date "1991.??.??"]
[Round "?"]
[White "Boidman, V."]
[Black "Serebro, Alexsandr"]
[Result "1-0"]
[WhiteElo "2335"]
[BlackElo "2225"]

1.d4 Nf6 2.Nf3 g6 3.c4 Bg7 4.g3 O-O 5.Bg2 d6 6.O-O Nbd7 7.Nc3 e5 8.e4 c6
9.d5 Nc5 10.Qc2 cxd5 11.cxd5 a5 12.Nd2 Bd7 13.a4 Rc8 14.Re1 Ne8 15.Nc4 f5
16.f3 f4 17.g4 h5 18.gxh5 gxh5 19.Nb5 Rf6 20.Bd2 b6 21.Na7 Rc7 22.Nb5 Rc8
23.Na7 Rc7 24.Nb5 Rb7 25.b4 axb4 26.Bxb4 Rg6 27.Kh1 h4 28.Rg1 h3 29.Bf1 Rxg1+
30.Kxg1 Bf8 31.Bxc5 bxc5 32.Kh1 Bc8 33.Bd3 Rg7 34.Rg1 Qh4 35.Qd1 Qf2 36.Rxg7+ Nxg7
37.Qf1 Qa2 38.Nbxd6 Ba6 39.Nf5 Qxa4 40.Nh6+ Kh7 41.Ng4 Bxc4 42.Bxc4 Bd6 43.Bb5 Qb3
44.Qxh3+ Kg8 45.Nh6+  1-0

[Event "BUL-chT"]
[Site "Sofia"]
[Date "1991.??.??"]
[Round "1"]
[White "Georgiev, Kiril"]
[Black "Spasov, Vasil"]
[Result "0-1"]
[WhiteElo "2585"]
[BlackElo "2550"]

1.d4 Nf6 2.c4 g6 3.Nf3 Bg7 4.g3 O-O 5.Bg2 d6 6.O-O Nbd7 7.Nc3 e5 8.h3 exd4
9.Nxd4 Re8 10.e4 Nc5 11.Re1 Bd7 12.Rb1 Qc8 13.g4 h5 14.f3 c6 15.Be3 hxg4
16.hxg4 Qc7 17.Qd2 Rad8 18.Rbd1 Bc8 19.b3 a6 20.Rc1 a5 21.a3 Nfd7 22.Nce2 Ne5
23.Nf4 Bxg4 24.fxg4 Nxg4 25.b4 axb4 26.axb4 Nxe4 27.Qe2 Nxe3 28.Qxe3 d5 29.Nde2 Nd6
30.Qc5 dxc4 31.Rcd1 Re5 32.Qf2 Nf5 33.Bf3 Rde8 34.Ng2 Ne3 35.Nxe3 Rxe3 36.Kf1 Qe7
37.Ng1 Bd4 38.Rxe3 Bxe3 39.Qb2 Qg5 40.Bg2 Bxg1 41.Kxg1 Qg4 42.Rd4 Qg3 43.Rd1 Re1+
44.Rxe1 Qxe1+ 45.Bf1 c3 46.Qc2 Qg3+ 47.Bg2 Qe3+ 48.Kf1 Qf4+ 49.Ke2 Qxb4 50.Kd3 Qd6+
51.Kxc3 Qc5+ 52.Kd3 Qxc2+ 53.Kxc2 f5 54.Kd3 Kf7 55.Kd4 Kf6  0-1

[Event "Tatran Cup"]
[Site "Stary Smokovec"]
[Date "1991.??.??"]
[Round "2"]
[White "Matlak, Marek"]
[Black "Gazik, Igor"]
[Result "1-0"]
[WhiteElo "2420"]
[BlackElo "2455"]

1.d4 Nf6 2.Nf3 g6 3.c4 Bg7 4.g3 O-O 5.Bg2 d6 6.O-O Nc6 7.d5 Na5 8.Nfd2 c5
9.Nc3 a6 10.Rb1 Rb8 11.b3 b5 12.Bb2 e6 13.Qc2 Re8 14.Rfe1 bxc4 15.bxc4 Ng4
16.Nd1 Bh6 17.Bf6 Nxf6 18.Rxb8 Qc7 19.Rb1 exd5 20.cxd5 Bf5 21.e4 Bxd2 22.Qxd2 Nxe4
23.Qf4 Nf6 24.Rxe8+ Nxe8 25.Rb2 c4 26.Qe3 Kf8 27.Nc3 Nb7 28.Bf1 Nc5 29.Bxc4 Ne4
30.Qd4 N8f6 31.Nxe4 Nxe4 32.Re2 Qb7 33.Bd3  1-0

[Event "Tatran Cup"]
[Site "Stary Smokovec"]
[Date "1991.??.??"]
[Round "3"]
[White "Tibensky, Robert"]
[Black "Gross, Stefan"]
[Result "1-0"]
[WhiteElo "2380"]
[BlackElo "2430"]

1.d4 Nf6 2.c4 g6 3.g3 Bg7 4.Bg2 O-O 5.Nf3 d6 6.O-O c6 7.Nc3 Bf5 8.b3 Ne4
9.Bb2 Nxc3 10.Bxc3 Be4 11.e3 d5 12.Rc1 e6 13.Bh3 c5 14.Ne1 dxc4 15.bxc4 Qg5
16.Bg2 Bxg2 17.Kxg2 cxd4 18.exd4 Rd8 19.Nf3 Qf5 20.Qb3 b6 21.Rfe1 Nc6 22.d5 Bxc3
23.Qxc3 exd5 24.cxd5 Na5 25.Re5 Qf6 26.Ng5 Qg7 27.Ne4 f5 28.Ng5 Qd7 29.Qc7 h6
30.Ne6 Qxc7 31.Rxc7 Rdc8 32.Rg7+ Kh8  1-0

[Event "Struga"]
[Site "Struga"]
[Date "1991.??.??"]
[Round "9"]
[White "Stamenkov, Vanco"]
[Black "Organdziev, Oliver"]
[Result "1-0"]
[WhiteElo "2310"]
[BlackElo "2320"]

1.d4 Nf6 2.c4 g6 3.Nf3 Bg7 4.g3 O-O 5.Bg2 d6 6.O-O c5 7.Nc3 Nc6 8.d5 Na5
9.Nd2 e5 10.Rb1 Ng4 11.a3 b6 12.b4 Nb7 13.Nde4 h6 14.h3 Nf6 15.Nxf6+ Qxf6
16.Qa4 Qe7 17.Qc6 Bf5 18.e4 Rfc8 19.Qb5 cxb4 20.axb4 Bd7 21.Qa6 Rc7 22.Be3 Rac8
23.Qxa7 Na5 24.Qa6 Nxc4 25.Bc1 Qe8 26.Qa2 Ra8 27.Qe2 Na3 28.Bxa3 Rxa3 29.Nd1 Bb5
30.Qb2 Qa8 31.Re1 f5 32.Rc1 Rxc1 33.Qxc1 Ra1 34.Qd2 Qa3 35.exf5 gxf5 36.Ne3 Bd3
37.Rxa1 Qxa1+ 38.Kh2 Qd4 39.Qc1 f4 40.Qc8+ Kh7 41.Nd1 Bg6 42.Qc1 Qxb4 43.Nc3 e4
44.Nxe4 fxg3+ 45.fxg3 b5 46.Qf4 Qb2 47.Nxd6 b4 48.Nc4 Qb1 49.d6 Qf5 50.Qxf5 Bxf5
51.g4 Bc2 52.d7 Bf6 53.Bc6 b3 54.Ba4 Bd8 55.Ne3 Bc7+ 56.Kg1 Bb6 57.Kf2 Bd1
58.d8=Q Bxd8 59.Nxd1 h5 60.Bxb3 hxg4  1-0

[Event "SWE-ch"]
[Site "SWE"]
[Date "1991.??.??"]
[Round "11"]
[White "Ornstein, Axel"]
[Black "Winsnes, Rikard"]
[Result "1-0"]
[WhiteElo "2440"]
[BlackElo "2330"]

1.d4 Nf6 2.Nf3 g6 3.c4 Bg7 4.g3 O-O 5.Bg2 d6 6.Nc3 Nc6 7.O-O Bf5 8.d5 Na5
9.Nd4 Bd7 10.Qd3 c5 11.Nb3 b5 12.Nxa5 Qxa5 13.cxb5 Rfb8 14.a4 a6 15.bxa6 Qxa6
16.Qc2 Qc4 17.Bd2 Rb4 18.Rfc1 Bf5 19.e4 Nxe4 20.Bxe4 Bxe4 21.Nxe4 Qxc2 22.Rxc2 Rxe4
23.a5 Rd4 24.a6 Rxd5 25.a7 Rd3 26.Bc3 e5 27.b4 cxb4 28.Bxb4 e4 29.Ra6 Rd1+
30.Kg2 Be5 31.Rc7 Ra1 32.Rxa1 Bxa1 33.Rb7 Kg7 34.Bxd6 Bd4 35.Bb8 e3 36.fxe3 Bxe3
37.Kf3 Bg1 38.Be5+ Kh6 39.Bf4+ g5 40.Be3 Bxe3 41.Kxe3 f5 42.h3 Kg6 43.Rb6+ Kh5
44.Ra6 h6 45.Kf3 g4+ 46.hxg4+ fxg4+ 47.Ke4 Kg5 48.Ra5+  1-0

[Event "Tbilisi"]
[Site "Tbilisi"]
[Date "1991.??.??"]
[Round "?"]
[White "Sturua, Zurab"]
[Black "Ioseliani, Nana"]
[Result "1-0"]
[WhiteElo "2505"]
[BlackElo "2470"]

1.d4 Nf6 2.Nf3 g6 3.c4 Bg7 4.g3 O-O 5.Bg2 d6 6.O-O Nc6 7.Nc3 a6 8.b3 Rb8
9.Nd5 b5 10.Nxf6+ Bxf6 11.Bh6 Re8 12.Rc1 e5 13.dxe5 Nxe5 14.c5 Nxf3+ 15.Bxf3 Bh3
16.cxd6 Qxd6 17.Qxd6 cxd6 18.Rfd1 Be5 19.Rc6 a5 20.Ra6 a4 21.bxa4 bxa4 22.Rxa4 Rb2
23.Bd5 Rxe2 24.Be3 h5 25.Ra7 Be6 26.Kf1 Rb2 27.a4 h4 28.Bxe6 Rxe6 29.gxh4 Ra2
30.a5 Bf6 31.Rb1 Re7 32.Ra8+ Kh7 33.a6 d5 34.Rb7 Kg7 35.Rxe7 Bxe7 36.a7  1-0

[Event "Tel Aviv-B"]
[Site "Tel Aviv"]
[Date "1991.??.??"]
[Round "5"]
[White "Lahav, Ehud"]
[Black "Zak, Uriel"]
[Result "1/2-1/2"]
[WhiteElo "2380"]
[BlackElo "2295"]

1.d4 Nf6 2.Nf3 g6 3.c4 Bg7 4.g3 O-O 5.Bg2 d6 6.Nc3 Nbd7 7.O-O e5 8.h3 c6
9.e4 Qb6 10.Re1 exd4 11.Nxd4 Ng4 12.Nce2 Ngf6 13.Qc2 Re8 14.Be3 Nc5  1/2-1/2

[Event "Torcy op"]
[Site "Torcy"]
[Date "1991.??.??"]
[Round "?"]
[White "Dussol, Pierre"]
[Black "Apicella, Manuel"]
[Result "1/2-1/2"]
[WhiteElo "2220"]
[BlackElo "2430"]

1.d4 Nf6 2.Nf3 g6 3.c4 Bg7 4.g3 O-O 5.Bg2 d6 6.O-O Nbd7 7.Nc3 e5 8.e4 c6
9.h3 Qb6 10.dxe5 dxe5 11.Qc2 Re8 12.Be3 Qc7 13.b4 Nf8 14.Rfd1 Nh5 15.Rab1 Ne6
16.b5 f6 17.a4 Bf8 18.b6 axb6 19.Bxb6 Qf7 20.a5 Nc5 21.Na4 Nxa4 22.Qxa4 Ng7
23.Rd2 Ne6 24.Qc2 Nc5 25.Ne1 Be6 26.Rc1 Nd7 27.Nd3 Nxb6 28.axb6 Ba3 29.Ra1 Bxc4
30.Bf1 Be6 31.Qc3 Bf8 32.Ra7 Qe7 33.Qa5 Rad8 34.Rc2 Qd7 35.Kh2 Qd4 36.Rxb7 Qxe4
37.Ne1 Bb4 38.Qa7 Qxe1 39.Rxh7 Bf8 40.Bg2 Qd1 41.Rxc6 Bd7 42.Rh4 g5 43.Qa2+ Kg7
44.Rh7+ Kxh7 45.Qf7+ Kh8 46.Be4 Re7 47.Qxf6+ Kg8 48.Rd6 Qh5 49.Bd5+ Kh7 50.Be4+ Kg8
51.Bd5+ Kh7  1/2-1/2

[Event "Torcy op"]
[Site "Torcy"]
[Date "1991.??.??"]
[Round "?"]
[White "Calvo, Jesus Maria"]
[Black "Note, S."]
[Result "1-0"]
[WhiteElo "2210"]
[BlackElo "2070"]

1.d4 Nf6 2.c4 g6 3.Nf3 Bg7 4.g3 O-O 5.Bg2 d6 6.Nc3 c6 7.O-O Qa5 8.e4 Qh5
9.Re1 Bh3 10.e5 dxe5 11.Rxe5 Bf5 12.h3 e6 13.Ne2 g5 14.Bxg5 Qg6 15.Nf4 Bc2
16.Qc1  1-0

[Event "Tuzla"]
[Site "Tuzla"]
[Date "1991.??.??"]
[Round "5"]
[White "Blagojevic, Dragisa"]
[Black "Jakubovics, Nicholas"]
[Result "0-1"]
[WhiteElo "2425"]
[BlackElo "2275"]

1.d4 Nf6 2.c4 g6 3.Nf3 Bg7 4.g3 d6 5.Bg2 O-O 6.Nc3 c5 7.O-O Nc6 8.dxc5 dxc5
9.Bf4 Nh5 10.Be3 Qa5 11.Qc1 Nd4 12.Re1 Be6 13.Nd5 Bxd5 14.cxd5 Rac8 15.Bg5 Nf6
16.e4 Rfe8 17.Bd2 Qb5 18.Nxd4 cxd4 19.Qb1 d3 20.a4 Qa6 21.Bf1 Ng4 22.Bxd3 Qb6
23.Re2 Bd4 24.Be1 g5 25.Kg2 Qf6 26.e5 Nxe5 27.Bxh7+ Kg7 28.Qf5 Qh6 29.f4 g4
30.Bf2 Qh3+ 31.Kh1 Bxf2 32.Qxe5+ f6 33.Qe6 Bxg3 34.Rg2 Qxh7 35.Qxg4+ Kh8
36.Qxg3 Rg8 37.Qf3 Rxg2 38.Qxg2 Rc2 39.Qg3 Qe4+ 40.Kg1 Qd4+ 41.Kh1 Qxd5+
42.Kg1 Qc5+ 43.Kh1 Qc6+ 44.Kg1 Rc1+ 45.Rxc1 Qxc1+ 46.Kg2 Qxb2+ 47.Kh3 Qe2
48.Qc3 Kh7 49.Kg3 Qe4 50.a5 e5 51.fxe5 Qxe5+ 52.Qxe5 fxe5 53.Kf3 Kg6 54.Ke4 Kf6
55.h4 b5 56.axb6 axb6 57.h5 b5 58.Kd5 b4 59.Kc4 Kg5 60.Kxb4 Kxh5 61.Kc3 Kg4
62.Kd2 Kf3  0-1

[Event "Vienna op"]
[Site "Vienna"]
[Date "1991.??.??"]
[Round "3"]
[White "Vukic, Milan"]
[Black "Schlosser, Michael"]
[Result "1-0"]
[WhiteElo "2500"]
[BlackElo "2380"]

1.Nf3 g6 2.c4 Bg7 3.d4 Nf6 4.g3 O-O 5.Bg2 d6 6.O-O Nbd7 7.Nc3 e5 8.e4 exd4
9.Nxd4 Nc5 10.h3 Re8 11.Re1 Bd7 12.Rb1 Qc8 13.g4 h5 14.f3 a6 15.Be3 Kh7 16.Nd5 hxg4
17.Nxf6+ Bxf6 18.hxg4 b5 19.cxb5 axb5 20.a3 Na4 21.Bf1 Qb7 22.g5 Bg7 23.Qd2 Kg8
24.Ne2 Reb8 25.Nf4 Nb6 26.Bd4 Bxd4+ 27.Qxd4 Qc8 28.Qf2 Qf8 29.Rbc1 c6 30.Rc2 Rb7
31.Rd1 Re8 32.Qh4 Nc8 33.Bh3 Bxh3 34.Nxh3 Ne7 35.Nf2 Rd8 36.Ng4 Qg7 37.Nf6+ Kf8
38.Qf4  1-0

[Event "Vienna op"]
[Site "Vienna"]
[Date "1991.??.??"]
[Round "4"]
[White "Zysk, Robert"]
[Black "Vukic, Milan"]
[Result "1/2-1/2"]
[WhiteElo "2400"]
[BlackElo "2500"]

1.d4 Nf6 2.c4 g6 3.Nf3 Bg7 4.g3 O-O 5.Bg2 d6 6.O-O c6 7.b3 e5 8.dxe5 dxe5
9.Ba3 Qxd1 10.Rxd1 Re8 11.Nc3 Nbd7 12.Ng5 Bf8 13.Bxf8 Kxf8 14.Nge4 Re7 15.b4 a5
16.b5 Nxe4 17.Nxe4 f5 18.bxc6 bxc6 19.Nd6 e4 20.f3 exf3 21.exf3 Nc5 22.f4 Bd7
23.Rab1 a4 24.Kf2 a3 25.Rd2 h6 26.Rdd1 Na4 27.Rb3 Nb2 28.Rd2 Ra6 29.Rb8+ Kg7
30.Bf1 Be6 31.Ne8+ Kf7 32.Nd6+ Kg7  1/2-1/2

[Event "Vienna op"]
[Site "Vienna"]
[Date "1991.??.??"]
[Round "6"]
[White "Cvitan, Ognjen"]
[Black "Hanel, Reinhard"]
[Result "1-0"]
[WhiteElo "2495"]
[BlackElo "2365"]

1.Nf3 g6 2.d4 Bg7 3.c4 d6 4.g3 Nf6 5.Bg2 O-O 6.O-O c6 7.Nc3 Nbd7 8.e4 e5
9.h3 Qb6 10.Re1 exd4 11.Nxd4 Ne8 12.Nb3 a5 13.Be3 Qb4 14.a3 Qxc4 15.Nd4 Bxd4
16.Bf1 Qe6 17.Bxd4 Qe7 18.f4 Nc7 19.Rc1 Re8 20.Bf2 Ne6 21.Rc2 g5 22.Be3 Kh8
23.Kh2 Rg8 24.Rg2 gxf4 25.gxf4 Rxg2+ 26.Bxg2 Qh4 27.Rf1 Nf6 28.f5 Ng7 29.Qxd6 Bxf5
30.Bd4 Ng4+ 31.Kg1 Rd8 32.Qc5 Rxd4 33.Qf8+  1-0

[Event "Vrnjacka Banja"]
[Site "Vrnjacka Banja"]
[Date "1991.??.??"]
[Round "10"]
[White "Drasko, Milan"]
[Black "Davies, Nigel R"]
[Result "0-1"]
[WhiteElo "2500"]
[BlackElo "2500"]

1.d4 Nf6 2.c4 g6 3.Nf3 Bg7 4.g3 O-O 5.Bg2 d6 6.O-O c6 7.Nc3 Bf5 8.Qb3 Qc7
9.Ne1 e5 10.e4 Bd7 11.Nc2 Na6 12.Rd1 Ng4 13.h3 exd4 14.Nxd4 Ne5 15.Nce2 c5
16.Nb5 Bxb5 17.cxb5 c4 18.Qa3 Nc5 19.Nc3 Ned3 20.Nd5 Qd7 21.Bh6 f5 22.Bxg7 Qxg7
23.exf5 Rxf5 24.Rd2 Rxf2 25.Rxf2 Nxf2 26.Rc1 Nfd3 27.Rxc4 Nxb2 28.Rf4 Nbd3
29.Rf6 Rf8 30.Rxd6 Qe5 31.Ne7+ Qxe7 32.Rxd3 Qe1+ 33.Kh2 Nxd3 34.Qxd3 Qf2
35.Qc4+ Kg7 36.h4 b6 37.Kh3 Qf5+ 38.g4 Qe5 39.Qd3 Rf7 40.Bf3 Re7 41.Kg2 Qe3
42.Qd5 Qe6 43.Qd2 Rd7 44.Qc2 Qe3 45.Qc6 Qd2+ 46.Kh3 Rf7 47.a4 Qe3 48.Kg2 Qf4
49.Qd5 Rc7 50.g5 Rc2+ 51.Kf1 Qc4+  0-1